Cobro revertido

Kaydedildi:
Detaylı Bibliyografya
Yazar: Urbina, José Leandro (Yazar)
Materyal Türü: Kitap
Dil:İspanyolca
Baskı/Yayın Bilgisi: Santiago Planeta 1992
Seri Bilgileri:Biblioteca del Sur
Konular:
Etiketler: Etiketle
Etiket eklenmemiş, İlk siz ekleyin!

MARC

LEADER 00000nam a2200000 a 4500
001 UCX5140
003 CL-VaPUC
008 920924e19920000CL |||||||||||||||||spa|d
020 |a 9562470768 
082 0 4 |a Ch863  |b URB  |2 21 
100 0 |a Urbina, José Leandro  |e author  |9 321462 
245 1 0 |a Cobro revertido 
300 |a 200 p 
942 |c BK 
945 |d 19920924 00:00:00 
260 |a Santiago  |b Planeta  |c 1992 
650 0 |a Novelas chilenas   |9 265425 
583 |a last modification  |c 19920924 00:00:00  |k Rodrigo Vera 
490 0 |a Biblioteca del Sur 
999 |c 225467  |d 225465 
952 |0 0  |1 0  |4 0  |6 CH_863_000000000000000_URB_1992  |7 0  |8 A  |9 223013  |a BIBEDU  |b BIBEDU  |d 2019-11-15  |i 2918307  |o Ch863 URB 1992  |p 2918307  |r 2019-11-15  |w 2019-11-15  |y BK  |k LIT 
952 |0 0  |1 0  |4 0  |6 CH_863_000000000000000_URB_1992  |7 0  |8 A  |9 223014  |a BIBEDU  |b BIBEDU  |d 2019-11-15  |i 2918315  |o Ch863 URB 1992  |p 2918315  |r 2019-11-15  |w 2019-11-15  |y BK  |k LIT